Colours of the Rainbow - Statistics

General Stats
  • This quiz has been taken 60 times
  • The average score is 7 of 7
Answer Stats
Colours of the Rainbow % Correct
Red
100%
Blue
98%
Green
98%
Orange
98%
Yellow
98%
Violet
84%
Indigo
77%
No matching quizzes found
Score Distribution
Percent of People with Each Score
Percentile by Number Answered
Your Score History
You have not taken this quiz